000 00582nam a2200217Ia 4500
003 OSt
005 20220924122956.0
006 a|||||r|||| 00| 0
007 ta
008 220923b |||||||| |||| 00| 0 urd d
024 _a309849
037 _cTextual
040 _aARTS
_cARTS
_burd
041 _2urd
_aurd
082 _aO168w2,N1, M3
245 0 _aDastavez
_bMasannefeen ke apne qalam se
260 _aLucknow
_bUttar Pradesh Urdu Acadmi India
_c1983
650 _aURDU LITERATURE
942 _hO168w2,N1, M3
_cTEXL
_2CC
999 _c413811
_d413811